000 00775nam a2200289Ia 4500
005 20260324112012.0
008 008 260324s9999 xx 000 0 eng d
020 _a9781003606406
037 _aEBOOK
040 _aCRL
040 _beng
040 _cCRL
041 _2eng
041 _aeng
084 _qCRL
100 _aTanusree Chakraborty; Tahir Mumtaz Awan; Muhammad Kamran; Malabika Tripathi
_91140900
245 0 _aOrganizational Knowledge Management
245 0 _bStrategies and Tools for Higher Education and Other Sectors
260 _bTaylor and Francis
260 _c2025
365 _a
365 _b320
856 _uhttp://www.taylorfrancis.com/books/9781003606406
942 _cEBOOK
999 _c1729919
_d1729919